[Event "Rated Blitz 2 during Championship Ukraine U8 - 2025"]
[Site "?"]
[Date "2025.06.07"]
[Round "4.3"]
[White "Khilchuk, Ivan"]
[Black "Kaliuzhny, Andrey"]
[Result "0-1"]
[BlackElo "2084"]
[WhiteElo "1905"]
[LiveChessVersion "1.4.8"]

1. d4 {[%clk 0:03:04]} Nf6 {[%clk 0:03:03]} 2. c4 {[%clk 0:03:05]} g6
{[%clk 0:03:04]} 3. Nc3 Bg7 4. Nf3 d6 5. Bg5 {[%clk 0:03:08]} h6 6. Bh4 c6
{[%clk 0:03:09]} 7. e3 a6 8. Be2 {[%clk 0:03:11]} b5 {[%clk 0:03:12]} 9. a3
{[%clk 0:03:08]} O-O {[%clk 0:03:12]} 10. O-O {[%clk 0:03:09]} g5
{[%clk 0:03:05]} 11. Bg3 {[%clk 0:03:10]} Nh5 {[%clk 0:03:06]} 12. Nd2
{[%clk 0:03:03]} Nxg3 {[%clk 0:03:06]} 13. hxg3 {[%clk 0:03:03]} Nd7
{[%clk 0:02:55]} 14. Bf3 {[%clk 0:02:55]} Qb6 {[%clk 0:02:50]} 15. Rc1
{[%clk 0:02:41]} Bb7 {[%clk 0:02:52]} 16. Qc2 {[%clk 0:02:06]} Rac8
{[%clk 0:02:49]} 17. Qe4 {[%clk 0:01:50]} e6 {[%clk 0:02:40]} 18. Qb1
{[%clk 0:01:34]} c5 {[%clk 0:02:36]} 19. dxc5 {[%clk 0:01:28]} Nxc5
{[%clk 0:02:34]} 20. Bxb7 {[%clk 0:01:27]} Qxb7 21. cxb5 {[%clk 0:01:22]} axb5
{[%clk 0:02:37]} 22. Nde4 {[%clk 0:01:16]} Rfd8 {[%clk 0:02:20]} 23. Nxc5
{[%clk 0:01:08]} Rxc5 {[%clk 0:02:20]} 24. Rfd1 {[%clk 0:00:52]} d5
{[%clk 0:02:16]} 25. Ne2 {[%clk 0:00:53]} Rc4 {[%clk 0:02:11]} 26. b3
{[%clk 0:00:53]} Rc7 {[%clk 0:02:07]} 27. Rxc7 {[%clk 0:00:54]} Qxc7
{[%clk 0:02:09]} 28. Rc1 {[%clk 0:00:55]} Qd6 {[%clk 0:02:10]} 29. a4
{[%clk 0:00:30]} Qa6 {[%clk 0:01:58]} 30. axb5 {[%clk 0:00:26]} Qxb5
{[%clk 0:02:00]} 31. Qc2 {[%clk 0:00:26]} Rb8 {[%clk 0:01:58]} 32. Rb1
{[%clk 0:00:27]} Rb6 {[%clk 0:01:44]} 33. Qd1 {[%clk 0:00:26]} Bf6
{[%clk 0:01:37]} 34. Nd4 {[%clk 0:00:26]} Qb4 {[%clk 0:01:36]} 35. Nf3
{[%clk 0:00:15]} Rc6 {[%clk 0:01:33]} 36. Nd4 {[%clk 0:00:13]} Rc8
{[%clk 0:01:17]} 37. Nf3 {[%clk 0:00:06]} Kg7 {[%clk 0:01:08]} 38. Qd2
{[%clk 0:00:05]} Bc3 {[%clk 0:01:05]} 39. Qd3 {[%clk 0:00:03]} Rb8
{[%clk 0:00:58]} 40. Nd4 {[%clk 0:00:04]} Rb6 {[%clk 0:00:50]} 41. Ne2
{[%clk 0:00:05]} Bf6 {[%clk 0:00:51]} 42. Nd4 {[%clk 0:00:06]} Qc5
{[%clk 0:00:47]} 43. Ne2 {[%clk 0:00:05]} e5 {[%clk 0:00:48]} 44. Qd1
{[%clk 0:00:04]} d4 {[%clk 0:00:47]} 45. exd4 {[%clk 0:00:05]} exd4
{[%clk 0:00:48]} 46. Nc1 {[%clk 0:00:06]} Ra6 {[%clk 0:00:42]} 47. Nd3
{[%clk 0:00:07]} Qb5 {[%clk 0:00:43]} 48. Qf3 {[%clk 0:00:06]} Ra2
{[%clk 0:00:44]} 49. Qe4 {[%clk 0:00:06]} Rd2 {[%clk 0:00:43]} 50. Ne1
{[%clk 0:00:05]} Re2 {[%clk 0:00:38]} 51. Qg4 {[%clk 0:00:05]} d3
{[%clk 0:00:37]} 52. Nf3 {time} 0-1

[Event "Rated Blitz 2 during Championship Ukraine U8 - 2025"]
[Site "?"]
[Date "2025.06.07"]
[Round "4.4"]
[White "Savluk, Savelii"]
[Black "Samarin, Oleksandr"]
[Result "1-0"]
[BlackElo "1700"]
[WhiteElo "1447"]
[LiveChessVersion "1.4.8"]

1. b4 {[%clk 0:03:03]} e5 {[%clk 0:03:03]} 2. Bb2 {[%clk 0:03:04]} Bxb4
{[%clk 0:03:04]} 3. Bxe5 {[%clk 0:03:05]} Nf6 {[%clk 0:03:05]} 4. Nc3
{[%clk 0:03:05]} Nc6 {[%clk 0:03:06]} 5. a3 {[%clk 0:03:07]} Ba5 {[%clk 0:03:04]}
6. Bxf6 {[%clk 0:03:07]} Qxf6 {[%clk 0:03:04]} 7. Nf3 {[%clk 0:03:08]} Bxc3
{[%clk 0:03:04]} 8. dxc3 {[%clk 0:03:09]} Qxc3+ {[%clk 0:03:05]} 9. Nd2
{[%clk 0:03:11]} O-O 10. e3 d5 {[%clk 0:03:05]} 11. Bd3 {[%clk 0:03:14]} d4
{[%clk 0:03:05]} 12. Qh5 {[%clk 0:03:12]} g6 {[%clk 0:03:04]} 13. Qh6
{[%clk 0:03:08]} Qxa1+ {[%clk 0:03:04]} 14. Ke2 {[%clk 0:03:10]} Qxh1
{[%clk 0:03:04]} 15. Ne4 {[%clk 0:03:10]} f5 {[%clk 0:02:58]} 16. Ng5
{[%clk 0:03:08]} Rf7 {[%clk 0:02:39]} 17. Bc4 {[%clk 0:03:07]} Ne5
{[%clk 0:02:39]} 18. Qxh7+ {[%clk 0:03:03]} Kf8 {[%clk 0:02:40]} 19. Bxf7
{[%clk 0:03:00]} Ke7 {[%clk 0:02:12]} 20. Bxg6+ {[%clk 0:02:58]} Kd6
{[%clk 0:02:11]} 21. Bxf5 {[%clk 0:02:49]} Bxf5 {[%clk 0:01:52]} 22. Qxf5
{[%clk 0:02:49]} Qxh2 {[%clk 0:01:28]} 23. Ne4+ {[%clk 0:02:46]} Kc6
{[%clk 0:01:20]} 24. Qe6+ {[%clk 0:02:45]} Kb5 {[%clk 0:01:12]} 25. Qb3+
{[%clk 0:02:40]} Kc6 {[%clk 0:00:58]} 26. Qe6+ {[%clk 0:02:40]} Kb5 27. Qb3+
{[%clk 0:02:41]} Ka6 {[%clk 0:00:40]} 28. Nc5+ {[%clk 0:02:40]} Ka5
{[%clk 0:00:41]} 29. Qb4# 1-0

[Event "Rated Blitz 2 during Championship Ukraine U8 - 2025"]
[Site "?"]
[Date "2025.06.07"]
[Round "5.1"]
[White "Bazhan, Vitalii"]
[Black "Bondarenko, Stanislav"]
[Result "1/2-1/2"]
[BlackElo "2093"]
[WhiteElo "2112"]
[LiveChessVersion "1.4.8"]

1. b3 {[%clk 0:03:04]} e5 {[%clk 0:03:03]} 2. Bb2 {[%clk 0:03:05]} Nc6
{[%clk 0:03:04]} 3. e3 {[%clk 0:03:06]} d5 {[%clk 0:03:04]} 4. Nf3
{[%clk 0:03:03]} Bd6 {[%clk 0:03:04]} 5. d4 {[%clk 0:03:03]} e4 {[%clk 0:03:04]}
6. Nfd2 {[%clk 0:03:05]} Nf6 {[%clk 0:02:48]} 7. c4 {[%clk 0:03:06]} Bb4
{[%clk 0:02:49]} 8. Nc3 {[%clk 0:02:49]} Bxc3 {[%clk 0:02:41]} 9. Bxc3
{[%clk 0:02:50]} O-O {[%clk 0:02:40]} 10. Qc2 {[%clk 0:02:48]} Bf5
{[%clk 0:02:40]} 11. Be2 {[%clk 0:02:34]} 1/2-1/2

[Event "Rated Blitz 2 during Championship Ukraine U8 - 2025"]
[Site "?"]
[Date "2025.06.07"]
[Round "5.2"]
[White "Kaliuzhny, Andrey"]
[Black "Savluk, Savelii"]
[Result "1-0"]
[BlackElo "1447"]
[WhiteElo "2084"]
[LiveChessVersion "1.4.8"]

1. b4 {[%clk 0:03:02]} e5 {[%clk 0:03:03]} 2. Bb2 {[%clk 0:03:05]} Bxb4
{[%clk 0:03:03]} 3. Bxe5 Nf6 {[%clk 0:03:04]} 4. Nf3 {[%clk 0:03:03]} Nc6
{[%clk 0:03:04]} 5. Bb2 {[%clk 0:03:03]} d5 {[%clk 0:03:03]} 6. e3
{[%clk 0:03:04]} Bg4 {[%clk 0:03:03]} 7. h3 {[%clk 0:03:04]} Bh5 {[%clk 0:03:04]}
8. Be2 {[%clk 0:03:06]} Bg6 {[%clk 0:03:03]} 9. O-O {[%clk 0:03:02]} O-O 10. Nh4
{[%clk 0:02:45]} Be7 {[%clk 0:03:01]} 11. Nxg6 {[%clk 0:02:45]} fxg6
{[%clk 0:03:02]} 12. c4 {[%clk 0:02:41]} dxc4 13. Bxc4+ {[%clk 0:02:42]} Kh8
{[%clk 0:03:01]} 14. Nc3 {[%clk 0:02:39]} Bb4 {[%clk 0:02:59]} 15. Ne2
{[%clk 0:02:28]} Ne4 {[%clk 0:02:56]} 16. d3 {[%clk 0:02:27]} Nd6
{[%clk 0:02:53]} 17. Bd5 {[%clk 0:02:19]} Rb8 {[%clk 0:02:43]} 18. Nf4
{[%clk 0:02:17]} Qg5 {[%clk 0:02:37]} 19. Bxc6 {[%clk 0:02:10]} bxc6
{[%clk 0:02:38]} 20. Ne6 {[%clk 0:01:44]} Qf5 {[%clk 0:02:32]} 21. Nxg7 Qf7
{[%clk 0:02:26]} 22. Nf5+ {[%clk 0:01:23]} Kg8 {[%clk 0:02:22]} 23. Nh6#
{[%clk 0:01:23]} 1-0

[Event "Rated Blitz 2 during Championship Ukraine U8 - 2025"]
[Site "?"]
[Date "2025.06.07"]
[Round "5.3"]
[White "Muzychko, Oleksandr"]
[Black "Danylyuk, Vasyl"]
[Result "0-1"]
[BlackElo "2011"]
[WhiteElo "1635"]
[LiveChessVersion "1.4.8"]

1. Nf3 {[%clk 0:03:02]} d5 {[%clk 0:03:04]} 2. g3 {[%clk 0:03:01]} c6
{[%clk 0:03:04]} 3. Bg2 {[%clk 0:03:01]} Bf5 {[%clk 0:03:05]} 4. d3
{[%clk 0:03:02]} Bg6 {[%clk 0:03:06]} 5. O-O {[%clk 0:03:01]} e6 {[%clk 0:03:08]}
6. Nbd2 {[%clk 0:03:00]} Nf6 {[%clk 0:03:08]} 7. b3 {[%clk 0:02:57]} Be7
{[%clk 0:03:09]} 8. Bb2 {[%clk 0:02:57]} O-O {[%clk 0:03:10]} 9. Re1 a5 10. a4
{[%clk 0:02:53]} Na6 {[%clk 0:03:10]} 11. c3 {[%clk 0:02:50]} Nd7
{[%clk 0:03:08]} 12. e4 {[%clk 0:02:39]} Nac5 {[%clk 0:02:56]} 13. Nh4
{[%clk 0:02:28]} Bxh4 {[%clk 0:02:53]} 14. gxh4 {[%clk 0:02:27]} Nxd3
{[%clk 0:02:54]} 15. Re3 {[%clk 0:02:16]} Nxb2 {[%clk 0:02:55]} 16. Qc2
{[%clk 0:02:03]} Nf6 {[%clk 0:02:21]} 17. Qxb2 {[%clk 0:01:57]} Bxe4
{[%clk 0:02:15]} 18. Nxe4 {[%clk 0:01:44]} Nxe4 {[%clk 0:02:12]} 19. Bxe4
{[%clk 0:01:40]} dxe4 {[%clk 0:02:12]} 20. Rxe4 {[%clk 0:01:40]} Qd3
{[%clk 0:02:02]} 21. Rd4 {[%clk 0:01:36]} Qf5 {[%clk 0:01:54]} 22. Qe2
{[%clk 0:01:31]} Qf6 {[%clk 0:01:47]} 23. Rad1 {[%clk 0:01:29]} Rfd8
{[%clk 0:01:33]} 24. Qg4 {[%clk 0:01:25]} Rxd4 {[%clk 0:01:30]} 25. Rxd4
{[%clk 0:01:26]} Rd8 {[%clk 0:01:26]} 26. Kg2 {[%clk 0:01:04]} Rxd4
{[%clk 0:01:26]} 27. Qxd4 {[%clk 0:01:03]} Qxd4 {[%clk 0:01:27]} 28. cxd4
{[%clk 0:01:04]} b5 {[%clk 0:01:24]} 29. Kf3 {[%clk 0:01:01]} Kf8
{[%clk 0:01:21]} 30. Ke4 {[%clk 0:01:02]} Ke7 {[%clk 0:01:22]} 31. f4
{[%clk 0:01:03]} Kd6 {[%clk 0:01:21]} 32. h5 {[%clk 0:01:03]} bxa4
{[%clk 0:01:07]} 33. bxa4 {[%clk 0:01:03]} c5 {[%clk 0:00:59]} 34. h3
{[%clk 0:01:00]} cxd4 {[%clk 0:00:59]} 35. Kxd4 {[%clk 0:01:00]} f6
{[%clk 0:00:59]} 36. h4 {[%clk 0:01:00]} e5+ {[%clk 0:01:00]} 37. fxe5+
{[%clk 0:00:57]} fxe5+ {[%clk 0:01:01]} 38. Kc4 {[%clk 0:00:55]} Kc6
{[%clk 0:01:00]} 39. Kd3 {[%clk 0:00:51]} Kd5 {[%clk 0:01:02]} 40. Ke3
{[%clk 0:00:51]} e4 {[%clk 0:01:03]} 41. h6 {[%clk 0:00:48]} gxh6
{[%clk 0:01:03]} 42. h5 {[%clk 0:00:49]} Ke5 {[%clk 0:01:04]} 43. Kd2
{[%clk 0:00:47]} Kf4 {[%clk 0:01:02]} 44. Ke2 {[%clk 0:00:48]} Kg5
{[%clk 0:00:50]} 45. Ke3 {[%clk 0:00:49]} Kxh5 {[%clk 0:00:50]} 46. Kxe4
{[%clk 0:00:49]} Kg4 {[%clk 0:00:52]} 47. Kd4 {[%clk 0:00:49]} h5
{[%clk 0:00:53]} 48. Kc5 {[%clk 0:00:48]} h4 {[%clk 0:00:54]} 49. Kb5
{[%clk 0:00:49]} h3 {[%clk 0:00:55]} 50. Kxa5 {[%clk 0:00:50]} h2
{[%clk 0:00:56]} 51. Kb5 {[%clk 0:00:51]} h1=Q {[%clk 0:00:57]} 52. a5
{[%clk 0:00:52]} Qb7+ {[%clk 0:00:57]} 53. Kc5 {[%clk 0:00:51]} Qa6
{[%clk 0:00:56]} 54. Kb4 {[%clk 0:00:51]} Kf4 {[%clk 0:00:57]} 55. Ka4
{[%clk 0:00:52]} Ke4 {[%clk 0:00:58]} 56. Kb4 {[%clk 0:00:53]} Kd4
{[%clk 0:00:59]} 57. Ka4 {[%clk 0:00:47]} Kc3 {[%clk 0:00:59]} 0-1

[Event "Rated Blitz 2 during Championship Ukraine U8 - 2025"]
[Site "?"]
[Date "2025.06.07"]
[Round "5.5"]
[White "Kobryn, Stanislav"]
[Black "Khilchuk, Ivan"]
[Result "0-1"]
[BlackElo "1905"]
[WhiteElo "1574"]
[LiveChessVersion "1.4.8"]

1. e4 {[%clk 0:03:04]} e6 {[%clk 0:03:06]} 2. d4 {[%clk 0:03:04]} d5
{[%clk 0:03:06]} 3. exd5 {[%clk 0:03:06]} exd5 {[%clk 0:03:07]} 4. Nc3
{[%clk 0:03:07]} Nf6 {[%clk 0:03:08]} 5. Bg5 {[%clk 0:03:08]} c6 {[%clk 0:03:07]}
6. Nf3 {[%clk 0:03:09]} Be7 {[%clk 0:03:09]} 7. Bd3 {[%clk 0:03:10]} h6
{[%clk 0:03:10]} 8. Bxf6 {[%clk 0:03:07]} Bxf6 {[%clk 0:03:10]} 9. O-O
{[%clk 0:03:07]} O-O {[%clk 0:03:11]} 10. Re1 {[%clk 0:03:08]} Bg4
{[%clk 0:03:11]} 11. Be2 {[%clk 0:03:01]} Re8 {[%clk 0:03:08]} 12. h3
{[%clk 0:03:02]} Bf5 {[%clk 0:03:06]} 13. Bd3 {[%clk 0:03:01]} Rxe1+
{[%clk 0:02:59]} 14. Qxe1 {[%clk 0:03:01]} Bxd3 {[%clk 0:02:59]} 15. cxd3
{[%clk 0:03:02]} Nd7 {[%clk 0:03:00]} 16. Ne5 {[%clk 0:03:02]} Nf8
{[%clk 0:02:49]} 17. Qe3 {[%clk 0:02:56]} Ne6 {[%clk 0:02:44]} 18. Ne2
{[%clk 0:02:52]} Qc7 {[%clk 0:02:35]} 19. Nf3 {[%clk 0:02:32]} Re8
{[%clk 0:02:29]} 20. Nc3 {[%clk 0:02:29]} Qb6 {[%clk 0:02:26]} 21. Re1
{[%clk 0:02:18]} Qxb2 {[%clk 0:02:18]} 22. Rc1 {[%clk 0:02:06]} Kf8
{[%clk 0:01:57]} 23. Ne5 {[%clk 0:01:46]} Bg5 {[%clk 0:01:43]} 24. Nd7+
{[%clk 0:01:40]} Kg8 {[%clk 0:01:43]} 25. Qe1 {[%clk 0:01:39]} Qxc1
{[%clk 0:01:43]} 26. Qxc1 {[%clk 0:01:39]} Bxc1 {[%clk 0:01:44]} 27. Ne5
{[%clk 0:01:40]} Nxd4 {[%clk 0:01:42]} 28. Nf3 {[%clk 0:01:41]} Ne2+
{[%clk 0:01:42]} 29. Nxe2 {[%clk 0:01:41]} Rxe2 {[%clk 0:01:41]} 0-1

[Event "Rated Blitz 2 during Championship Ukraine U8 - 2025"]
[Site "?"]
[Date "2025.06.07"]
[Round "5.6"]
[White "Boryshkevych, Zakhar"]
[Black "Samoliuk, Vasyl"]
[Result "1-0"]
[BlackElo "1748"]
[WhiteElo "1496"]
[LiveChessVersion "1.4.8"]

1. d4 {[%clk 0:03:03]} d5 {[%clk 0:03:03]} 2. Bf4 {[%clk 0:03:04]} Bf5
{[%clk 0:03:01]} 3. e3 {[%clk 0:03:05]} e6 {[%clk 0:03:02]} 4. c4
{[%clk 0:03:05]} c6 {[%clk 0:03:02]} 5. Nc3 {[%clk 0:03:06]} Bd6 {[%clk 0:03:03]}
6. Bxd6 {[%clk 0:03:06]} Qxd6 {[%clk 0:03:03]} 7. Qb3 {[%clk 0:03:07]} Qc7
{[%clk 0:03:01]} 8. Rc1 {[%clk 0:03:05]} dxc4 {[%clk 0:02:38]} 9. Bxc4 Nf6
{[%clk 0:02:36]} 10. Nf3 {[%clk 0:02:46]} O-O {[%clk 0:02:36]} 11. O-O
{[%clk 0:02:44]} Nbd7 {[%clk 0:02:29]} 12. Be2 {[%clk 0:02:35]} Nb6
{[%clk 0:02:17]} 13. Ne5 {[%clk 0:02:31]} Nfd7 {[%clk 0:02:01]} 14. f4
{[%clk 0:02:10]} Qd8 {[%clk 0:01:38]} 15. Bd3 {[%clk 0:02:01]} Bxd3
{[%clk 0:01:34]} 16. Nxd3 {[%clk 0:02:01]} Rb8 {[%clk 0:01:31]} 17. Ne5
{[%clk 0:02:00]} Nd5 {[%clk 0:01:25]} 18. Nxd5 {[%clk 0:02:00]} exd5
{[%clk 0:01:25]} 19. Qd3 {[%clk 0:01:57]} Nf6 {[%clk 0:01:22]} 20. b4
{[%clk 0:01:41]} Ne4 {[%clk 0:01:02]} 21. b5 {[%clk 0:01:40]} f6 {[%clk 0:01:03]}
22. bxc6 {[%clk 0:01:31]} Qc7 {[%clk 0:00:52]} 23. Nd7 {[%clk 0:01:27]} bxc6
{[%clk 0:00:50]} 24. Nxf8 {[%clk 0:01:27]} Rxf8 {[%clk 0:00:49]} 25. Qc2
{[%clk 0:01:27]} Rc8 {[%clk 0:00:42]} 26. Qa4 {[%clk 0:01:21]} Nd6
{[%clk 0:00:33]} 27. Kf2 {[%clk 0:01:16]} Nc4 {[%clk 0:00:30]} 28. Rc2
{[%clk 0:01:11]} Re8 {[%clk 0:00:26]} 29. Re1 {[%clk 0:01:10]} g5
{[%clk 0:00:22]} 30. g3 {[%clk 0:01:09]} g4 {[%clk 0:00:20]} 31. Rce2
{[%clk 0:01:02]} f5 {[%clk 0:00:18]} 32. Rb1 {[%clk 0:01:00]} Nd6
{[%clk 0:00:06]} 33. Qb3 {[%clk 0:00:57]} Ne4+ {[%clk 0:00:05]} 34. Kg2
{[%clk 0:00:53]} h5 {[%clk 0:00:06]} 35. Qb7 {[%clk 0:00:50]} Qd6
{[%clk 0:00:04]} 36. Rc1 {[%clk 0:00:46]} c5 {[%clk 0:00:04]} 37. dxc5
{[%clk 0:00:43]} Nxc5 {[%clk 0:00:05]} 38. Qb4 {[%clk 0:00:39]} Rc8
{[%clk 0:00:05]} 39. Rec2 {[%clk 0:00:38]} 1-0

[Event "Rated Blitz 2 during Championship Ukraine U8 - 2025"]
[Site "?"]
[Date "2025.06.07"]
[Round "6.1"]
[White "Bondarenko, Stanislav"]
[Black "Kaliuzhny, Andrey"]
[Result "1-0"]
[BlackElo "2084"]
[WhiteElo "2093"]
[LiveChessVersion "1.4.8"]

1. c4 {[%clk 0:03:03]} Nf6 {[%clk 0:03:02]} 2. Nc3 {[%clk 0:03:04]} c5
{[%clk 0:03:02]} 3. g3 {[%clk 0:03:04]} g6 {[%clk 0:03:02]} 4. Bg2 Bg7 5. Nf3
{[%clk 0:03:05]} O-O {[%clk 0:03:04]} 6. O-O d6 7. d4 {[%clk 0:03:06]} cxd4
{[%clk 0:03:06]} 8. Nxd4 {[%clk 0:03:07]} a6 {[%clk 0:03:05]} 9. b3
{[%clk 0:03:06]} Nbd7 {[%clk 0:03:02]} 10. Bb2 {[%clk 0:03:07]} Nc5
{[%clk 0:03:01]} 11. Qd2 {[%clk 0:02:58]} Ne6 {[%clk 0:02:58]} 12. Rad1
{[%clk 0:02:55]} Nxd4 {[%clk 0:02:53]} 13. Qxd4 {[%clk 0:02:56]} Qc7
{[%clk 0:02:45]} 14. Nd5 {[%clk 0:02:44]} Qd8 {[%clk 0:02:41]} 15. Ba1
{[%clk 0:02:09]} Rb8 {[%clk 0:02:26]} 16. Qa7 {[%clk 0:01:57]} Bg4
{[%clk 0:02:19]} 17. Nxf6+ {[%clk 0:01:56]} Bxf6 {[%clk 0:02:16]} 18. Bxf6
{[%clk 0:01:55]} exf6 {[%clk 0:02:18]} 19. Rd2 {[%clk 0:01:52]} Qc7
{[%clk 0:02:15]} 20. Qd4 {[%clk 0:01:47]} Qa5 {[%clk 0:02:00]} 21. Rfd1
{[%clk 0:01:30]} Be6 {[%clk 0:02:00]} 22. Qxf6 {[%clk 0:01:28]} b5
{[%clk 0:01:59]} 23. Qg5 {[%clk 0:01:18]} Qa3 {[%clk 0:01:53]} 24. cxb5
{[%clk 0:01:16]} axb5 25. Qe7 {[%clk 0:01:09]} Rb6 {[%clk 0:01:40]} 26. e4
{[%clk 0:01:04]} Bg4 {[%clk 0:01:37]} 27. f3 {[%clk 0:01:02]} Be6
{[%clk 0:01:38]} 28. Kh1 {[%clk 0:01:00]} Ra8 {[%clk 0:01:28]} 29. Qc7
{[%clk 0:00:49]} Qc5 {[%clk 0:01:05]} 30. Qe7 {[%clk 0:00:34]} Kg7
{[%clk 0:00:43]} 31. h3 {[%clk 0:00:13]} h5 {[%clk 0:00:42]} 32. f4
{[%clk 0:00:13]} Rba6 {[%clk 0:00:36]} 33. a4 {[%clk 0:00:11]} R6a7
{[%clk 0:00:34]} 34. Qxd6 {[%clk 0:00:10]} Qxd6 {[%clk 0:00:33]} 35. Rxd6
{[%clk 0:00:11]} Bxb3 {[%clk 0:00:34]} 36. axb5 {[%clk 0:00:07]} Bxd1
{[%clk 0:00:34]} 37. Rxd1 {[%clk 0:00:08]} Ra1 {[%clk 0:00:36]} 38. Rf1
{[%clk 0:00:05]} R8a2 {[%clk 0:00:27]} 39. e5 {[%clk 0:00:03]} Kf8
{[%clk 0:00:21]} 40. Rxa1 {[%clk 0:00:04]} Rxa1+ {[%clk 0:00:22]} 41. Kh2
{[%clk 0:00:06]} Rb1 {[%clk 0:00:23]} 42. Bc6 {[%clk 0:00:07]} Ke7
{[%clk 0:00:23]} 43. Kg2 {[%clk 0:00:08]} Rb3 {[%clk 0:00:24]} 44. g4
{[%clk 0:00:08]} h4 {[%clk 0:00:24]} 45. Kh2 {[%clk 0:00:08]} Rb2+
{[%clk 0:00:25]} 46. Kg1 {[%clk 0:00:09]} f6 {[%clk 0:00:27]} 47. exf6+
{[%clk 0:00:10]} Kxf6 {[%clk 0:00:28]} 48. Bd7 {[%clk 0:00:09]} Ke7
{[%clk 0:00:27]} 49. Bc6 {[%clk 0:00:10]} Kd6 {[%clk 0:00:29]} 50. Kf1
{[%clk 0:00:09]} Rh2 {[%clk 0:00:22]} 51. Bg2 {[%clk 0:00:10]} 1-0

[Event "Rated Blitz 2 during Championship Ukraine U8 - 2025"]
[Site "?"]
[Date "2025.06.07"]
[Round "6.2"]
[White "Khilchuk, Ivan"]
[Black "Bazhan, Vitalii"]
[Result "1/2-1/2"]
[BlackElo "2112"]
[WhiteElo "1905"]
[LiveChessVersion "1.4.8"]

1. d4 {[%clk 0:03:04]} Nf6 2. c4 e6 {[%clk 0:03:03]} 3. Nc3 {[%clk 0:03:06]} Bb4
{[%clk 0:03:04]} 4. Nf3 {[%clk 0:03:07]} O-O {[%clk 0:03:03]} 5. Bd2
{[%clk 0:03:08]} d5 {[%clk 0:03:00]} 6. e3 {[%clk 0:03:09]} b6 {[%clk 0:02:51]}
7. a3 {[%clk 0:03:11]} Bxc3 {[%clk 0:02:48]} 8. Bxc3 {[%clk 0:03:12]} Ba6
{[%clk 0:02:44]} 9. Nd2 {[%clk 0:02:53]} Nbd7 {[%clk 0:02:39]} 10. b4
{[%clk 0:02:38]} dxc4 {[%clk 0:02:27]} 11. Bxc4 {[%clk 0:02:34]} Bxc4
{[%clk 0:02:13]} 12. Nxc4 {[%clk 0:02:35]} Ne4 {[%clk 0:02:13]} 13. Qc2
{[%clk 0:02:27]} Ndf6 {[%clk 0:02:11]} 14. O-O {[%clk 0:02:12]} Rc8
{[%clk 0:02:06]} 15. Nd2 {[%clk 0:02:08]} Qd5 {[%clk 0:01:47]} 16. Nxe4
{[%clk 0:02:03]} Nxe4 {[%clk 0:01:48]} 17. f3 {[%clk 0:02:01]} Nxc3
{[%clk 0:01:35]} 18. Qxc3 {[%clk 0:02:02]} c5 {[%clk 0:01:36]} 19. bxc5
{[%clk 0:01:54]} bxc5 {[%clk 0:01:37]} 20. Rfd1 {[%clk 0:01:49]} cxd4
{[%clk 0:01:18]} 21. Qxd4 {[%clk 0:01:49]} Qa5 {[%clk 0:01:19]} 22. Qb4
{[%clk 0:01:43]} Qg5 {[%clk 0:01:04]} 23. Qf4 {[%clk 0:01:15]} Qxf4
{[%clk 0:01:00]} 24. exf4 {[%clk 0:01:16]} Rc7 {[%clk 0:00:53]} 25. Rac1
{[%clk 0:01:17]} Rb7 {[%clk 0:00:47]} 26. Rc5 {[%clk 0:01:05]} g6
{[%clk 0:00:42]} 27. Rdc1 {[%clk 0:00:54]} Rd8 {[%clk 0:00:38]} 28. Rc7
{[%clk 0:00:48]} Rd7 {[%clk 0:00:38]} 29. Rxb7 {[%clk 0:00:45]} Rxb7
{[%clk 0:00:40]} 30. Rc3 {[%clk 0:00:46]} Kg7 {[%clk 0:00:41]} 31. Kf2
{[%clk 0:00:47]} Rb2+ {[%clk 0:00:36]} 32. Kg3 {[%clk 0:00:45]} Ra2
{[%clk 0:00:33]} 33. h3 {[%clk 0:00:39]} h5 {[%clk 0:00:32]} 34. h4
{[%clk 0:00:35]} Kf6 {[%clk 0:00:33]} 35. Rb3 {[%clk 0:00:37]} a5
{[%clk 0:00:26]} 36. Rc3 {[%clk 0:00:36]} Rd2 {[%clk 0:00:20]} 37. Rc5
{[%clk 0:00:35]} Rd5 {[%clk 0:00:21]} 38. Rc3 {[%clk 0:00:13]} Rd4
{[%clk 0:00:20]} 39. Rc5 {[%clk 0:00:12]} a4 {[%clk 0:00:21]} 40. Rc3
{[%clk 0:00:11]} Kf5 {[%clk 0:00:14]} 41. Rc5+ {[%clk 0:00:12]} Kf6
{[%clk 0:00:15]} 42. Rc3 1/2-1/2

[Event "Rated Blitz 2 during Championship Ukraine U8 - 2025"]
[Site "?"]
[Date "2025.06.07"]
[Round "6.3"]
[White "Danylyuk, Vasyl"]
[Black "Boryshkevych, Zakhar"]
[Result "1-0"]
[BlackElo "1496"]
[WhiteElo "2011"]
[LiveChessVersion "1.4.8"]

1. d4 {[%clk 0:03:04]} d5 {[%clk 0:03:05]} 2. c4 {[%clk 0:03:07]} e6
{[%clk 0:03:06]} 3. cxd5 exd5 {[%clk 0:03:07]} 4. Nc3 {[%clk 0:03:10]} c6
{[%clk 0:03:08]} 5. Nf3 {[%clk 0:03:10]} Bd6 {[%clk 0:03:09]} 6. Qc2
{[%clk 0:03:11]} f5 {[%clk 0:03:05]} 7. Bg5 {[%clk 0:03:10]} Nf6 {[%clk 0:03:07]}
8. e3 {[%clk 0:03:08]} O-O {[%clk 0:03:06]} 9. Bd3 {[%clk 0:03:08]} g6
{[%clk 0:03:01]} 10. Ne5 {[%clk 0:03:08]} Nbd7 {[%clk 0:02:55]} 11. f4
{[%clk 0:03:04]} Qe8 {[%clk 0:02:52]} 12. Bh6 {[%clk 0:02:53]} Bxe5
{[%clk 0:02:39]} 13. fxe5 {[%clk 0:02:37]} Ng4 {[%clk 0:02:36]} 14. Bxf8
{[%clk 0:02:37]} Qxf8 {[%clk 0:02:35]} 15. Qe2 {[%clk 0:02:24]} b6
{[%clk 0:02:26]} 16. h3 {[%clk 0:02:19]} Nh6 {[%clk 0:02:27]} 17. O-O
{[%clk 0:02:13]} Bb7 {[%clk 0:02:27]} 18. e4 {[%clk 0:02:01]} dxe4
{[%clk 0:02:16]} 19. Nxe4 {[%clk 0:01:57]} Qe7 {[%clk 0:02:14]} 20. Nd6
{[%clk 0:01:55]} Rb8 {[%clk 0:02:08]} 21. Qe3 {[%clk 0:01:43]} Kg7
{[%clk 0:02:06]} 22. Bxf5 {[%clk 0:01:12]} Nxf5 {[%clk 0:01:56]} 23. Rxf5
{[%clk 0:01:13]} Ba6 {[%clk 0:01:48]} 24. Rf7+ {[%clk 0:01:12]} Qxf7
{[%clk 0:01:45]} 25. Nxf7 {[%clk 0:01:13]} Kxf7 {[%clk 0:01:45]} 26. e6+
{[%clk 0:01:14]} Ke7 {[%clk 0:01:45]} 27. exd7+ {[%clk 0:01:15]} Kxd7
{[%clk 0:01:45]} 28. Re1 {[%clk 0:01:14]} 1-0